| 000 | 02895nam a2200445 a 4500 | ||
|---|---|---|---|
| 003 | CHAP | ||
| 005 | 20250807094240.0 | ||
| 007 | cr ||||||a|c|a | ||
| 008 | 101021s2010 mx r 00010 spa d | ||
| 035 | _a111154 | ||
| 040 | _cCHAP | ||
| 090 | _aTesis | ||
| 100 | 1 |
_aAmador Alfaro, Laura Fressia. _95062 |
|
| 245 | 1 | 0 |
_aMonografía del guaje _bLeucaena leucocephala (Lam.) de Wit _c/por Laura Fressia Amador Alfaro; director Armando Gil Vera Castillo |
| 264 |
_aChapingo, Méx. : _bEl autor, _c2010. |
||
| 300 | _a1 recurso en línea (141 páginas). | ||
| 336 |
_2rdacontent _atext _btxt |
||
| 337 |
_2rdamedia _acomputadora _bc |
||
| 338 |
_2rdacarrier _arecursos en línea _bcr |
||
| 502 |
_bIRF _cDICIFO _d2010. |
||
| 520 | _aEl presente trabajo se realizó mediante una revisión bibliográfica de la especie Leucaena leucocephala (Lam.) de Wit conocida comúnmente en México, como “Guaje”, se reunió investigación publicada en México y en otros países, con la finalidad de tener en un sólo documento concentrada la información disponible hasta la fecha. Se cubrieron las partes más importantes del conocimiento de la especie, como son botánica y ecología, producción de la especie en vivero, plantaciones forestales, mejoramiento genético y usos de la especie. Se realizó una evaluación de diferentes tópicos y sobre todo en aquellos que se ha realizado investigación o generado otro tipo de información, ya que se puede observar que no hay muchos trabajos como éste sobre dicha especie, ya que la información encontrada se enfoca sólo en aspectos específicos, además de que la información es reducida. La importancia del guaje es destacada porque la especie es relevante por su capacidad de restaurar los suelos, además de sus múltiples usos, tales como: producción de madera, pulpa de papel, leña y carbón, forraje, alimenticio, sistemas agroforestales y silvopastoriles. El conocimiento de la especie, facilita la obtención de información para la toma de decisiones para el posible establecimiento de poblaciones de Guaje. | ||
| 590 |
_aALEPH _b10 _c20130110 |
||
| 590 |
_aBATCH-UPD _b10 _c20130110 |
||
| 590 |
_aBATCH-UPD _b10 _c20130410 |
||
| 590 |
_aBATCH-UPD _b10 _c20130914 |
||
| 590 |
_aBATCH-UPD _b10 _c20140324 |
||
| 590 |
_aBATCH-UPD _b10 _c20141002 |
||
| 590 |
_aBATCH _b00 _c20181121 |
||
| 590 |
_aCONVERSION _b10 _c20130109 |
||
| 650 | 0 | 4 |
_aLeucaena leucocephala. _966380 |
| 650 | 0 | 4 |
_aLeucaena _xBibliografía. _966379 |
| 700 | 0 |
_aVera Castillo, José Amando Gil _eDirector de tesis _9118764 |
|
| 856 |
_uhttp://10.13.5.2/tesis/111154.pdf _zDESCARGAR PDF |
||
| 901 | _aBK | ||
| 942 |
_cTD _2Clasificación Universidad Autónoma Chapingo |
||
| 949 |
_bBC _cTES _d33724002211355 _eTS2 _fc.2 _gDonaciØn _h51232 _i111154 _sb |
||
| 949 |
_bBC _cTES _d33724002211397 _eTS1 _gDonaciØn _h51231 _i111154 _sb |
||
| 999 |
_c99496 _d99496 |
||